Reinstating Movement in Hemi Paretic Limbs using Neural Activity Induced FES / (Record no. 536125)

000 -LEADER
fixed length control field 00610nam a22001577a 4500
082 ## - DEWEY DECIMAL CLASSIFICATION NUMBER
Classification number 005
100 ## - MAIN ENTRY--PERSONAL NAME
Personal name Hassan, Abrar ; Khan, Ali Ayub ; Mushahid, Ambreen
245 ## - TITLE STATEMENT
Title Reinstating Movement in Hemi Paretic Limbs using Neural Activity Induced FES /
Statement of responsibility, etc. Abrar Hassan ; Ali Ayub Khan ; Ambreen Mushahid
260 ## - PUBLICATION, DISTRIBUTION, ETC.
Place of publication, distribution, etc. Islamabad :
Name of publisher, distributor, etc. SEECS - NUST,
Date of publication, distribution, etc. 2019.
300 ## - PHYSICAL DESCRIPTION
Extent 39 p. ;
Dimensions 30cm.
650 ## - SUBJECT ADDED ENTRY--TOPICAL TERM
Topical term or geographic name entry element Computer Science-Project Report
700 ## - ADDED ENTRY--PERSONAL NAME
Personal name Dr. Awais Kamboh
856 ## - Uniform Resource Identifier
Uniform Resource Identifier <a href="http://10.250.8.41:8080/xmlui/handle/123456789/19067">http://10.250.8.41:8080/xmlui/handle/123456789/19067</a>
942 ## - ADDED ENTRY ELEMENTS (KOHA)
Source of classification or shelving scheme
Koha item type Project Report
700 ## - ADDED ENTRY--PERSONAL NAME
-- 31061
Holdings
Withdrawn status Lost status Source of classification or shelving scheme Damaged status Not for loan Permanent Location Current Location Shelving location Date acquired Full call number Barcode Date last seen Price effective from Koha item type
WITHDRAWN         Central Library (CL) Central Library (CL) Thesis 09/30/2020 005 CL-BP-206 09/30/2020 09/30/2020 Project Report
© 2023 Central Library, National University of Sciences and Technology. All Rights Reserved.